000 00370nam a2200145Ia 4500
008 220217s9999||||xx |||||||||||||| ||und||
020 _a81-7808-787-1
082 _a004.65 KUR
100 _aKurose, James, F
245 0 _aComputer networks
250 _a2nd
260 _aPearson education of asia
_bDehli
_c2008
300 _b425
650 _aCOMPUTER NETWORK
999 _c176965
_d176965